000 00971cam a22001934a 4500
005 20250605164019.0
008 250528s ||||||||||||||||||||||||d
035 _a16272
020 _a70102740
040 _aGR-AtMCL
_bgre
_dGR-AtMCL
_eAACR2
245 1 _aSchaum's Outline of Theory and Problems of Electronic Devices and Circuits / Schaum's Outline Series in Engineering
260 _bMcgraw Hill Book Company,
_c1989
300 _a310
520 _aCircuit Analysis: Port Point of View, Semiconductor Diodes, Characteristics of Bipolar Junction Transistors, Characteristics of Field-Effect Transistors, Transistor Bias Considerations, Small-Signal Midfrequency BJT Amplifiers, Small-Signal Midfrequency FET Amplifiers, Frequency Effects in Amplifiers, Power Amplifiers, Operational Amplifiers, Feedback Amplifiers, Switching and Logic Circuits, Vacuum Tubes, Index.
700 1 _aCathley Jimmie J
_92356
942 _cBK
999 _c1790
_d1790